000 00731nam a22002537a 4500
001 BR9509739
003 BR-BrBNA
005 20230928095039.0
007 ta
008 230509b bl.||||| |||| 00| 0 por d
040 _aBR-BrBNA
_bpor
_cBiblioteca Nacional de Agricultura
041 _a(Por)
072 _aE13
090 _ E13 BR9509739
100 1 _aMattoso, J.
110 1 _aConselho Nacional de Desenvolvimento da Pecuaria, Brasilia, DF (Brasil)
_92664
245 1 _aEncontro de credito pecuario: modelo de afericao da mudanca tecnologica
260 3 _aBrasilia, DF (Brasil):
_c1975.
300 _a40 p.
650 _aPecuaria
650 _aCredito Agricola
909 _a202309
_bLucia
_c55
_dLucia Elande
942 _cBK
999 _c54192
_d54192